Maantiedettä maailmankartalla #2 - Statistics

Yleistilastot
  • Tätä visaa on pelattu 965 kertaa
  • Keskiarvotulos 14 / 25
Vastaukset kartalla
Vastauksille on annettu kartalla punavihreä väri sen mukaan, kuinka moni on saanut sen oikein.
 
Vastaustilastot
Tyyppi Vastaus % Oikein
Aavikko Sahara
97%
Valtio Viro
95%
Valtio Tšekki
89%
Valtio Jemen
86%
Kaupunki New York
83%
Saari Grönlanti
76%
Kaupunki Barcelona
75%
Valtio Uganda
67%
Kaupunki Buenos Aires
64%
Vuori Mount Everest
63%
Valtio Belize
60%
Kaupunki Melbourne
59%
Saari Sisilia
54%
Vuori Mont Blanc
49%
Aavikko Gobi
47%
Aavikko Kalahari
46%
Saari Honshu
44%
Saari Sumatra
38%
Kaupunki Kalkutta
35%
Saari Hispaniola
32%
Vuori Denali
29%
Vuori Elbrus
26%
Vuori Pöytävuori
26%
Aavikko Mojave
15%
Aavikko Iso Hiekka-aavikko
10%
Ehtoja vastaavia visoja ei löytynyt
Tulosjakauma
Jokaisen tuloksen saaneiden osuus
Persentiili vastausten määrän mukaan
Tuloshistoriasi
Et ole pelannut tätä visaa